000 00332nam a2200145Ia 4500
008 230711s9999||||xx |||||||||||||| ||und||
041 _aENG
082 _a621
_bMA-D
100 _aMalik G.S
245 0 _aDynamics of particle
250 _a7th
260 _c1989
_aNew Delhi
_bMeerat Kedar Nath & Co
650 _aPhysics
942 _cBK
999 _c252
_d252